|
|
|
|
| LEADER |
00986nam a2200229 a 4500 |
| 001 |
000612064 |
| 003 |
CZ BrMZK |
| 005 |
20040426091449.0 |
| 007 |
ta |
| 008 |
020723s1967 xr f cze d |
| 040 |
|
|
|a BOA001
|b cze
|c BOA001
|
| 100 |
1 |
|
|a Liška, Václav,
|d 1955-
|7 mzk2007377524
|4 com
|
| 245 |
1 |
0 |
|a Napětí a deformace v tyčích a kruhu nakrátko rotorové klece :
|b Studium literatury.
|n Část 1.,
|p Studium literatury /
|c Václav Liška
|
| 246 |
3 |
0 |
|a Studium literatury
|
| 260 |
|
|
|a Brno :
|b Výzkumný a vývojový ústav elektrických strojů točivých,
|c 1967
|
| 300 |
|
|
|a 62 s.
|
| 490 |
1 |
|
|a Výzkumný a vývojový ústav elektrických strojů točivých. Technická zpráva ;
|v TZ 1293/1
|
| 504 |
|
|
|a Obsahuje bibliografii
|
| 830 |
|
0 |
|a Výzkumný a vývojový ústav elektrických strojů točivých. Technická zpráva
|
| 910 |
|
|
|a BOA001
|b 4-0603.555,1
|
| 990 |
|
|
|a BK
|
| 996 |
6 |
|
|b 2619223556
|c 4-0603.555,1
|l MZK
|r Sklad / do 1 hodiny
|n 1
|w 000612064
|u 000010
|a 1
|e BOA001
|j MZK50
|s P
|